000 00879nam a2200253Ia 4500
003 OSt
005 20221005113453.0
006 a|||||r|||| 00| 0
007 ta
008 221004b |||||||| |||| 00| 0 pan d
020 _a9788176473156 (hbk)
024 _a2451
037 _bGift, 19/02/2013,
_cTextual
040 _aCRL
_cCRL
_bpan
041 _2pan
_apan
082 _aO153,3M96,TG, Q2
100 _aਮਿਨਹਾਸ, ਕੁਲਵਿੰਦਰ ਕੌਰ
245 0 _aਤੇ ਗੰਗਾ ਵਗਦੀ ਰਹੀ
260 _aਲੁਧਿਆਣਾ
_bਤੇਜਿੰਦਰਬੀਰ ਸਿੰਘ ਭਾਰਤ
_c2012
300 _a135ਪੰ
_ccm.
650 _aਪੰਜਾਬੀ ਸਾਹਿਤ
942 _hO153,3M96,TG, Q2
_cTEXL
_2cc
999 _c1028305
_d1028305